000 00715nam a2200205Ia 4500
003 GCL
008 140319s9999 xx 000 0 ara d
040 _aGCL /
_cGCL
082 0 4 _a338.5443
_bم ت
100 1 _aمجدى الشوربجى
245 1 0 _aالتنبؤ الكمى للمشروعات والحكومات الاساليب والنماذج والتطبيقات /
_cمجدى الشوربجى
260 _a[S.N] :
_bالدار المصرية اللبنانية ،
_c1994
300 _a130 ص
490 _a
650 0 4 _aالاقتصاد
650 0 4 _aالاقتصاد التحليلى
650 0 4 _aالطرق الرياضية
650 0 4 _aالتنبؤات الاقتصادية
942 _2ddc
_cBK
999 _c32505
_d32505